000 00492 a2200169 4500
003 OSt
005 20231222132931.0
008 231222b |||||||| |||| 00| 0 eng d
020 _a8170553857
040 _coclc
082 _a891.43
_bSHR/U
100 _aShrivastava, Parmanand
_910194
245 _aUPANYAS KA PUNARJANM /
_cParmanand Shrivastava
260 _aNew Delhi:
_bVani Prakashan,
_c2015.
300 _a191p
942 _2ddc
_cBK
_h891.43
_iSHR/U
_k891.43
_mSHR/U
999 _c43530
_d43530